Najwięcej meczów w reprezentacji piłkarze 2007 - Statystyki

Ogólne statystyki
  • Ten quiz został rozwiązany 4 razy
  • Średni wynik to 2 z 5
Statystyki odpowiedzi
Mecze Pilkarz Reprezentacja % Poprawnych
25 Lamine Yamal Hiszpania
100%
11 Estévão Brazylia
75%
12 Emmanuel Martin Turks i Caicos
0%
24 Kendry Paez Ekwador
0%
12 Patrik Kristal Estonia
0%
Nie znaleziono quizów pasujących do podanych kryteriów
Rozkład punktacji
Procent ludzi z każdym wynikiem
Percentyl według liczby udzielonych odpowiedzi
Twoja historia wyników
Nie rozwiązałeś tego quizu